| 000 | 00413pab a2200157 454500 | ||
|---|---|---|---|
| 008 | 180718b1983 xxu||||| |||| 00| 0 eng d | ||
| 100 | _aPatel, A.R. | ||
| 245 | _aRole of banks in the implementation of 20 point programme | ||
| 260 | _c1983 | ||
| 300 | _a28-38 | ||
| 362 | _aJan.-Mar. | ||
| 650 | _aBanks - India | ||
| 700 | _aM.R. patel | ||
| 773 | _aJournal of the Indian Institute of Bankers | ||
| 909 | _a4341 | ||
| 999 |
_c4341 _d4341 |
||